| 000 | 01410cam a2200373 i 4500 | ||
|---|---|---|---|
| 001 | 10965 | ||
| 003 | Mx-PuUPA | ||
| 005 | 20260126125514.0 | ||
| 008 | 140415s2024 mx gr 000 0 spa d | ||
| 017 | _aB-7-114-2009 | ||
| 020 | _a9788484281306 | ||
| 040 |
_cMx-PuUPA _aMx-PuUPA _bspa _dMx-PuUPA _erda |
||
| 041 | 1 |
_aspa _heng |
|
| 100 | 1 |
_aHagen, Uta, _d1919-2004 _eautor _917714 |
|
| 240 | 1 | 2 |
_aA challenge for the actor. _lEspañol |
| 245 | 1 | 3 |
_aUn reto para el actor / _cUta Hagen ; traducción, Elena Vilallonga |
| 250 |
_aOctava edición / _boctubre |
||
| 264 | 1 |
_aBarcelona : _bAlba Editorial, _c2024 |
|
| 300 |
_a428 páginas ; _c21 cm |
||
| 336 |
_2rdacontent _atexto _btxt |
||
| 337 |
_2rdamedia _asin medio _bn |
||
| 338 |
_2rdacarrier _avolumen _bnc |
||
| 490 | 0 | _aArtes escénicas | |
| 650 | 7 |
_2armarc _aActuación teatral |
|
| 650 | 7 |
_2armarc _aActores _xFormación profesional |
|
| 650 | 7 |
_2armarc _aActuación teatral _xEnseñanza |
|
| 700 | 1 |
_aVilallonga, Elena, _etraductor |
|
| 765 | 0 |
_aHagen, Uta, 1919-2004 _tA challenge for the actor. |
|
| 942 |
_2ddc _cLI _h792.028 _iH54 |
||
| 999 |
_c10965 _d10965 |
||